01213nam a2200193Ia 4500001001000000003001000010008004100020040002500061041001200086100002500098245012000123250001100243260006400254300002700318500026800345501011400613520026800727650002400995L230-5643IT-CnALBA170116s9999||||xx |||||||||||||| ||und|| aIT-CnALBAcIT-CnALBA aLATINO  aPESCH CRISTIANO, SJ. 0aCOMPENDIUM THEOLOGIAE DOGMATICAE TOMUS I. DE CHRISTO LEGATO DIVINO. DE ECCLESIAE CHRISTI, DE FONTIBUS THEOLOGICIS.  a6a ed. aFRIBURGO, WIENbHERDER & C. ED. PONTc1941 [1° Ed.: n.d.] a326 p. (prefazione: 5) aPREMESSE. RELIGIONE. RIVELAZIONE. CRITERI DELLA RIVELAZIONE. MIRACOLI. PROFEZIE. GESÙ MANDATO DAL PADRE. STORIA DI GESÙ. VANGELI. TESTIMONIANZE DI GESÙ PER AFFERMARE IL SUO MANDATO. CHIESA DI CRISTO. PROPRIETÀ E NOTE DELLA CHIESA. VESCOVI. PONTEFICE DI RO aSocietà San Paolo EM - Piazza San Paolo, 14 - 12051 ALBA (CN) (non commercial uses only) ® Copyright 2017 aPREMESSE. RELIGIONE. RIVELAZIONE. CRITERI DELLA RIVELAZIONE. MIRACOLI. PROFEZIE. GESÙ MANDATO DAL PADRE. STORIA DI GESÙ. VANGELI. TESTIMONIANZE DI GESÙ PER AFFERMARE IL SUO MANDATO. CHIESA DI CRISTO. PROPRIETÀ E NOTE DELLA CHIESA. VESCOVI. PONTEFICE DI RO aDOGMATICA CRISTIANA